Cơ sở lý thuyết hoá học : (Dùng cho các trường đại học kỹ thuật). P.1, Cấu tạo chất P.1

Salvato in:
Dettagli Bibliografici
Autore principale: Nguyễn Đình Chi
Natura: Libro
Lingua:Vietnamese
Pubblicazione: Giáo dục 2005
Tags: Aggiungi Tag
Nessun Tag, puoi essere il primo ad aggiungerne! !
Thư viện lưu trữ: Mạng thư viện Đại học Đà Nẵng
LEADER 00705nam a2200253 4500
001 000022873
003 19322
005 20150515140530.0
008 150515s2005 viesd
020 |c 7400 
041 0 |a vie 
082 1 4 |a 541  |b NG-C 
100 1 |a Nguyễn Đình Chi 
245 1 0 |a Cơ sở lý thuyết hoá học : (Dùng cho các trường đại học kỹ thuật). P.1, Cấu tạo chất  |b P.1  |c Nguyễn Đình Chi 
260 |b Giáo dục  |c 2005 
300 |a tr.  |c cm. 
OWN |a LSP 
999 |a From the UDN01 
TYP |a Monograph 
TYP |a Printed language 
980 |a Mạng thư viện Đại học Đà Nẵng